Jazzová sekcia po čase

Bibliographic Details
Main Author: Krekovič, Slávo (Author)
Format: Article
Language:Slovak
PhysicalDescription:Obr.
ISSN:1335-5309
Subjects:

MARC

LEADER 00000nab a2200000 a 4500
001 vtls000863980
003 SK-MaSNL
005 20260311224914.0
008 160324c2000 xo 0 slo
015 |a SNBRB2004/02-05978 
035 |a CLN000215536 
040 |a SNKBUCL  |b slo  |c SNKBUCL  |e AACR2 
041 0 |a slo 
044 |a xo  |c SK 
080 |a 78:061.25(437):785.161  |2 1997 
100 1 |a Krekovič, Slávo  |4 aut  |9 492944 
245 1 0 |a Jazzová sekcia po čase  |c Slávo Krekovič 
300 |b Obr. 
610 2 7 |a Jazzová sekcia (Česko-Slovensko)  |2 SNK  |9 1590791 
648 7 |a 1971-1987  |2 SNK  |9 1590792 
650 0 7 |a džez  |2 SNKPH  |9 3178 
650 0 7 |a sekcie  |2 SNK  |9 884297 
651 7 |a Československo  |2 SNKPHgeo  |9 21376 
655 7 |a články z novín a časopisov  |2 SNK  |9 267496 
773 0 |x 1335-5309  |t 3/4 revue  |g Roč. 2, č. 2 (2000), s. 9 
787 0 8 |i Rec.:  |a Kouřil, Vladimír  |t Jazzová sekce v čase a nečase 1971-1987  |d Praha : Torst 
850 |a Slovenská národná knižnica v Martine 
852 |a SNK  |b KIS3GCP 
958 |a CZ 
958 |a SK 
958 |a RBX 
999 |c 3263141  |d 3265071